00451nam a2200133Ia 4500008004100000020001800041082002000059100002800079245005900107260005900166300001100225440002800236650005300264120622s9999 xx 000 0 und d a968-16-1738-X a086.1 L471 v.57 aMojarro, Tomás, 1932- aCañon de Juchipila y otros relatos / Tomás Mojarro aMéxico : Fondo de Cultura Económica ; SEP, Cultura a165 p. aLecturas mexicanas ; 57 a1. CUENTOS MEXICANOS \ 2. LITERATURA MEXICANAÌ